[Event "FICGS rapid A 000244 email"]
[Site "FICGS email"]
[Date "2019.07.31"]
[Round "1"]
[White "Drobotov, Gennady Sergeevich"]
[Black "Faust, Dieter"]
[Result "0-1"]
[WhiteElo "2000"]
[BlackElo "2015"]
[PlyCount "102"]
[EventDate "2019.??.??"]
[EventType "tourn (rapid)"]
[EventRounds "6"]
[SourceTitle "Corr 2022"]
[Source "ChessBase"]
[SourceDate "2021.10.24"]
[SourceVersion "1"]
[SourceVersionDate "2021.10.24"]
[SourceQuality "1"]

1. d4 c6 2. e4 d5 3. e5 Bf5 4. Bd3 Bxd3 5. Qxd3 e6 6. Nf3 c5 7. 0-0 c4 8. Qd1 Nc6 9. Nc3 Bb4 10. Ne2 Nge7 11. c3 Ba5 12. b4 Bc7 13. b5 Nb8 14. Nf4 a6 15. Rb1 axb5 16. Rxb5 b6 17. Qc2 h5 18. a4 Nbc6 19. Ba3 Qd7 20. Re1 Na7 21. Rb2 Nac8 22. Ra1 Qxa4 23. Qd2 Qd7 24. Rba2 Nf5 25. Bb4 Rxa2 26. Qxa2 Nce7 27. Qa8+ Qc8 28. Bxe7 Nxe7 29. Qa4+ Qd7 30. Qb4 Bd8 31. Ra8 Qb7 32. Ra1 g5 33. Ne2 Nc6 34. Qb5 Kd7 35. Nd2 Kc7 36. f4 gxf4 37. Rf1 Be7 38. Nxf4 Qa7 39. Nxd5+ exd5 40. Qxd5 Qa5 41. Qxa5 bxa5 42. Nxc4 Rf8 43. Ra1 f6 44. e6 Rb8 45. d5 Ne5 46. Nxe5 fxe5 47. Rxa5 Kb6 48. Ra4 Kc5 49. c4 Kd4 50. Kf1 Kd3 51. Ra7 Rf8+ 0-1

[Event "FICGS rapid A 000244 email"]
[Site "FICGS email"]
[Date "2019.07.31"]
[Round "1"]
[White "Salonen, Jukka"]
[Black "Drobotov, Gennady Sergeevich"]
[Result "0-1"]
[WhiteElo "1953"]
[BlackElo "2000"]
[PlyCount "148"]
[EventDate "2019.??.??"]
[EventType "tourn (rapid)"]
[EventRounds "6"]
[SourceTitle "Corr 2022"]
[Source "ChessBase"]
[SourceDate "2021.10.24"]
[SourceVersion "1"]
[SourceVersionDate "2021.10.24"]
[SourceQuality "1"]

1. d4 d5 2. Nf3 Nf6 3. c4 c6 4. e3 Bf5 5. Nc3 e6 6. Nh4 Bg6 7. Nxg6 hxg6 8. Bd2 Nbd7 9. Rc1 Bd6 10. h3 dxc4 11. Bxc4 Nb6 12. 0-0 Nxc4 13. Be1 Nb6 14. e4 e5 15. f4 exd4 16. Qxd4 Qe7 17. Kh1 Bc5 18. Qd3 Rd8 19. Qf3 Bd4 20. e5 Nfd5 21. Ne4 Bxb2 22. Nd6+ Kf8 23. Rd1 Rxd6 24. exd6 Qxd6 25. Bf2 Qf6 26. Rde1 Bc3 27. Re4 Kg8 28. Qg4 Qd8 29. Qe2 Kh7 30. f5 g5 31. Bc5 Bf6 32. Re1 Nc7 33. Qf3 Nc8 34. Kg1 Re8 35. Rxe8 Nxe8 36. Rd1 Qa5 37. Qa3 Qb5 38. Qb4 Qxb4 39. Bxb4 b6 40. Rd7 c5 41. Be1 c4 42. Kf2 c3 43. Kf3 Ncd6 44. Rxa7 c2 45. Bd2 Bb2 46. Bxg5 Nxf5 47. Ke2 f6 48. Kd3 c1Q 49. Bxc1 Bxc1 50. Rb7 Ba3 51. Rxb6 Nc7 52. Rb3 Bc5 53. Rb8 Ne6 54. a4 Nd6 55. g3 Bf2 56. g4 Nf4+ 57. Kc2 Nxh3 58. Rd8 Nc4 59. a5 Nf4 60. a6 Ne5 61. Kd1 Kg6 62. Rb8 Kg5 63. Rb2 Bg1 64. Rb7 g6 65. Ke1 Nf3+ 66. Kf1 Kxg4 67. Rg7 Kg3 68. a7 Bxa7 69. Rxa7 f5 70. Ra5 Nd3 71. Ra6 g5 72. Ra8 f4 73. Rf8 Nh2+ 74. Ke2 Nb4 0-1

[Event "FICGS class A 000215 email"]
[Site "FICGS email"]
[Date "2019.07.13"]
[Round "1"]
[White "Duttagupta, Aniruddha"]
[Black "Drobotov, Gennady Sergeevich"]
[Result "1-0"]
[WhiteElo "2168"]
[BlackElo "2000"]
[PlyCount "69"]
[EventDate "2019.??.??"]
[EventType "tourn (corr)"]
[EventRounds "6"]
[SourceTitle "Corr 2022"]
[Source "ChessBase"]
[SourceDate "2021.10.24"]
[SourceVersion "1"]
[SourceVersionDate "2021.10.24"]
[SourceQuality "1"]

1. e4 c5 2. Nf3 d6 3. d4 cxd4 4. Nxd4 Nf6 5. Nc3 e5 6. Bb5+ Nbd7 7. Nf5 a6 8. Bxd7+ Qxd7 9. Bg5 Nxe4 10. Nxg7+ Bxg7 11. Nxe4 0-0 12. Qxd6 f6 13. Be3 Qg4 14. Ng3 Qc4 15. f3 Rf7 16. Qd8+ Rf8 17. Qd3 Qb4+ 18. Kf2 f5 19. Qd5+ Rf7 20. Bc5 Qxb2 21. Qd8+ Bf8 22. Rhc1 e4 23. Bd4 Qb4 24. Qg5+ Bg7 25. c3 Qd6 26. Bxg7 Rxg7 27. Rd1 Qf8 28. Qf4 Be6 29. Rd6 Re8 30. Re1 Rg6 31. a4 exf3 32. gxf3 Qg7 33. Re5 Qf8 34. Qd4 Qh6 35. h4 1-0

[Event "FICGS class A 000215 email"]
[Site "FICGS email"]
[Date "2019.07.13"]
[Round "1"]
[White "Rita, Giacomo"]
[Black "Drobotov, Gennady Sergeevich"]
[Result "1-0"]
[WhiteElo "2233"]
[BlackElo "2000"]
[PlyCount "47"]
[EventDate "2019.??.??"]
[EventType "tourn (corr)"]
[EventRounds "6"]
[SourceTitle "Corr 2022"]
[Source "ChessBase"]
[SourceDate "2021.10.24"]
[SourceVersion "1"]
[SourceVersionDate "2021.10.24"]
[SourceQuality "1"]

1. e4 c5 2. Nf3 e6 3. d4 cxd4 4. Nxd4 Nf6 5. Nc3 Bb4 6. e5 Nd5 7. Bd2 Nxc3 8. bxc3 Be7 9. Qg4 g6 10. h4 Nc6 11. Qg3 Qb6 12. Nb5 a6 13. Nd6+ Bxd6 14. exd6 Qb2 15. Rd1 Qxc2 16. Bd3 Qxa2 17. Bg5 h5 18. Bf6 Rh7 19. f4 Qa5 20. f5 exf5 21. 0-0 Kf8 22. Rde1 Qc5+ 23. Kh2 b5 24. Rxf5 1-0

[Event "SD-2019-0-00298"]
[Site "LSS email"]
[Date "2019.01.22"]
[Round "?"]
[White "Drobotov, Gennady Sergeevich"]
[Black "Glowinski, Daniel"]
[Result "0-1"]
[WhiteElo "1589"]
[BlackElo "1536"]
[PlyCount "26"]
[EventDate "2018.10.20"]
[EventType "tourn (corr)"]
[EventRounds "6"]
[EventCountry "GER"]
[SourceTitle "Corr 2022"]
[Source "ChessBase"]
[SourceDate "2021.10.24"]
[SourceVersion "1"]
[SourceVersionDate "2021.10.24"]
[SourceQuality "1"]

1. a3 d5 2. d4 e6 3. Nf3 Nf6 4. e3 Be7 5. Bd3 0-0 6. 0-0 c5 7. c4 cxd4 8. exd4 dxc4 9. Bxc4 b6 10. Nc3 Bb7 11. Bd3 Nc6 12. Be3 Rc8 13. Re1 Qd7 0-1

[Event "SD-2018-0-00296"]
[Site "LSS email"]
[Date "2018.11.27"]
[Round "?"]
[White "Drobotov, Gennady Sergeevich"]
[Black "Reyes Sablon, Alberto"]
[Result "0-1"]
[WhiteElo "1550"]
[BlackElo "800"]
[PlyCount "72"]
[EventDate "2018.08.16"]
[EventType "tourn (corr)"]
[EventRounds "6"]
[EventCountry "GER"]
[SourceTitle "Corr 2022"]
[Source "ChessBase"]
[SourceDate "2021.10.24"]
[SourceVersion "1"]
[SourceVersionDate "2021.10.24"]
[SourceQuality "1"]

1. e4 e6 2. e5 c5 3. Nf3 Nc6 4. Bb5 Qc7 5. Bxc6 Qxc6 6. 0-0 b6 7. Re1 Bb7 8. Nc3 Nh6 9. d3 Nf5 10. Bf4 h6 11. Ne4 0-0-0 12. a4 g5 13. Bg3 Be7 14. a5 h5 15. axb6 axb6 16. h4 gxh4 17. Bf4 Rhg8 18. Kh1 Rg4 19. Qd2 Rdg8 20. Rg1 f6 21. exf6 Bxf6 22. Nxf6 h3 23. g3 Nd4 24. Nxg8 Rxg8 25. Qe3 Nxf3 26. Qe4 h4 27. Qxc6+ Bxc6 28. Raf1 e5 29. Bc1 Kc7 30. c3 hxg3 31. fxg3 h2 32. Rg2 Nh4 33. Kxh2 Nxg2 34. b4 cxb4 35. cxb4 b5 36. Kh3 Rh8+ 0-1

[Event "SD-2018-0-00294"]
[Site "LSS email"]
[Date "2018.10.21"]
[Round "?"]
[White "Drobotov, Gennady Sergeevich"]
[Black "Pech, Stepan"]
[Result "0-1"]
[WhiteElo "1525"]
[BlackElo "1722"]
[PlyCount "45"]
[EventDate "2018.06.19"]
[EventType "tourn (corr)"]
[EventRounds "6"]
[EventCountry "GER"]
[SourceTitle "Corr 2022"]
[Source "ChessBase"]
[SourceDate "2021.10.24"]
[SourceVersion "1"]
[SourceVersionDate "2021.10.24"]
[SourceQuality "1"]

1. e4 c5 2. c3 Nf6 3. e5 Nd5 4. Nf3 Nc6 5. d4 cxd4 6. cxd4 d6 7. Bb5 Qa5+ 8. Nc3 Nxc3 9. Bxc6+ bxc6 10. Qd2 dxe5 11. dxe5 e6 12. 0-0 Ba6 13. Re1 Bb4 14. bxc3 Bxc3 15. Qc2 Rd8 16. Bg5 0-0 17. Bxd8 Rxd8 18. Rad1 Bxe1 19. Rxd8+ Qxd8 20. Nxe1 Qd5 21. Nf3 h6 22. h3 c5 23. Qa4 0-1

[Event "SD-2018-0-00294"]
[Site "LSS email"]
[Date "2018.10.06"]
[Round "?"]
[White "Sofia, Gerardo"]
[Black "Drobotov, Gennady Sergeevich"]
[Result "1-0"]
[WhiteElo "1418"]
[BlackElo "1525"]
[PlyCount "87"]
[EventDate "2018.06.19"]
[EventType "tourn (corr)"]
[EventRounds "6"]
[EventCountry "GER"]
[SourceTitle "Corr 2022"]
[Source "ChessBase"]
[SourceDate "2021.10.24"]
[SourceVersion "1"]
[SourceVersionDate "2021.10.24"]
[SourceQuality "1"]

1. d4 Nf6 2. c4 g6 3. Nc3 d5 4. cxd5 Nxd5 5. e4 Nxc3 6. bxc3 Bg7 7. Nf3 c5 8. Bc4 Nc6 9. Be3 cxd4 10. cxd4 0-0 11. 0-0 Bg4 12. e5 Qd7 13. h3 Bxf3 14. Qxf3 Nxd4 15. Qe4 Ne6 16. a4 Rac8 17. Rfd1 Qc6 18. Bd5 Qc2 19. Qxc2 Rxc2 20. Rab1 b6 21. Bxe6 fxe6 22. Rd7 Bxe5 23. Rxa7 Bc7 24. g3 Kg7 25. Rd1 Kf6 26. Rd7 Bd6 27. Bxb6 Kf5 28. a5 Ke4 29. Rxe7 Bxe7 30. Rxe7 Ra2 31. Rxh7 Rf6 32. Kg2 Kd5 33. g4 Ke4 34. Kg3 e5 35. Kh4 Rc2 36. Kg5 Rcc6 37. Rh8 Rce6 38. Rb8 Rd6 39. h4 Kf3 40. Bc5 Rc6 41. Rb6 Ke4 42. Be3 Kd5 43. h5 gxh5 44. gxh5 1-0

[Event "SD-2018-0-00294"]
[Site "LSS email"]
[Date "2018.09.28"]
[Round "?"]
[White "Glowinski, Daniel"]
[Black "Drobotov, Gennady Sergeevich"]
[Result "1-0"]
[WhiteElo "1495"]
[BlackElo "1525"]
[PlyCount "100"]
[EventDate "2018.06.19"]
[EventType "tourn (corr)"]
[EventRounds "6"]
[EventCountry "GER"]
[SourceTitle "Corr 2022"]
[Source "ChessBase"]
[SourceDate "2021.10.24"]
[SourceVersion "1"]
[SourceVersionDate "2021.10.24"]
[SourceQuality "1"]

1. e4 e5 2. Nf3 Nf6 3. Nxe5 d6 4. Nf3 Nxe4 5. Nc3 Nxc3 6. dxc3 Be7 7. Bd3 0-0 8. 0-0 Nd7 9. Be3 Re8 10. Re1 Bf6 11. a4 b6 12. a5 bxa5 13. Rxa5 c5 14. Rb5 Nb6 15. Nd2 Bd7 16. Rb3 Bc6 17. Nc4 d5 18. Na5 Ba4 19. Ra3 Qc7 20. g3 c4 21. Bf1 Qd7 22. Qd2 Rac8 23. Raa1 Re7 24. Bd4 Rxe1 25. Rxe1 Bxd4 26. cxd4 Qc7 27. Qb4 Bxc2 28. Bh3 Ra8 29. Re7 Qd8 30. Nc6 Qf8 31. Qc5 h5 32. f4 Be4 33. Qd6 f6 34. Bg2 Bxg2 35. Qe6+ Kh8 36. Kxg2 Qg8 37. f5 Qxe6 38. fxe6 Kh7 39. h4 Na4 40. Nb4 Nb6 41. Na6 Kh6 42. Kh3 g5 43. Kg2 Kg6 44. Kf2 Na4 45. Ke2 Rc8 46. Rd7 Nb6 47. Rxa7 Re8 48. Nc5 Rb8 49. Rc7 Na8 50. Rd7 Nb6 1-0

[Event "SD-2018-0-00293"]
[Site "LSS email"]
[Date "2018.09.20"]
[Round "?"]
[White "Drobotov, Gennady Sergeevich"]
[Black "Henke, Simon"]
[Result "1/2-1/2"]
[WhiteElo "1497"]
[BlackElo "1651"]
[PlyCount "56"]
[EventDate "2018.06.07"]
[EventType "tourn (corr)"]
[EventRounds "6"]
[EventCountry "GER"]
[SourceTitle "Corr 2022"]
[Source "ChessBase"]
[SourceDate "2021.10.24"]
[SourceVersion "1"]
[SourceVersionDate "2021.10.24"]
[SourceQuality "1"]

1. e4 e6 2. d4 d5 3. e5 c5 4. c3 Nc6 5. Nf3 Qb6 6. a3 c4 7. Be2 f6 8. Nbd2 fxe5 9. Nxe5 Nxe5 10. dxe5 Bc5 11. 0-0 Qc7 12. b3 Ne7 13. bxc4 0-0 14. Qc2 Bd7 15. cxd5 exd5 16. Nf3 Rae8 17. Qd1 Kh8 18. Be3 Bxe3 19. fxe3 Bg4 20. Qd4 Bxf3 21. Rxf3 Rxf3 22. Bxf3 Nf5 23. Qd3 Qxe5 24. Bxd5 Qxe3+ 25. Qxe3 Rxe3 26. c4 Rc3 27. Bxb7 Rxc4 28. Bd5 Rd4 1/2-1/2

[Event "SD-2018-0-00292"]
[Site "LSS email"]
[Date "2018.08.17"]
[Round "?"]
[White "Henke, Simon"]
[Black "Drobotov, Gennady Sergeevich"]
[Result "1-0"]
[WhiteElo "1661"]
[BlackElo "1425"]
[PlyCount "69"]
[EventDate "2018.04.14"]
[EventType "tourn (corr)"]
[EventRounds "6"]
[EventCountry "GER"]
[SourceTitle "Corr 2022"]
[Source "ChessBase"]
[SourceDate "2021.10.24"]
[SourceVersion "1"]
[SourceVersionDate "2021.10.24"]
[SourceQuality "1"]

1. c4 e5 2. Nc3 Nf6 3. Nf3 Nc6 4. e3 Bb4 5. Qc2 Bxc3 6. bxc3 0-0 7. e4 d6 8. g3 Nd7 9. Nh4 Nc5 10. d3 g5 11. Nf5 Bxf5 12. exf5 Qf6 13. g4 Rae8 14. Qd2 h6 15. h4 e4 16. d4 e3 17. fxe3 Ne4 18. hxg5 Qxg5 19. Qh2 Nxc3 20. Qxh6 Qxh6 21. Rxh6 Kg7 22. g5 Rh8 23. Bd2 Ne4 24. f6+ Kg8 25. Rxh8+ Kxh8 26. Bd3 Nxg5 27. 0-0-0 Ne4 28. Rh1+ Kg8 29. Rf1 Nd8 30. Bb4 Re6 31. d5 Re5 32. Rf4 Nc5 33. Bxc5 dxc5 34. Rg4+ Kf8 35. Bh7 1-0

[Event "OP-2018-0-04617"]
[Site "LSS email"]
[Date "2018.07.11"]
[Round "?"]
[White "Drobotov, Gennady Sergeevich"]
[Black "Verich, Oleg"]
[Result "1-0"]
[WhiteElo "1539"]
[BlackElo "1180"]
[PlyCount "69"]
[EventDate "2018.07.02"]
[EventType "tourn (corr)"]
[EventRounds "4"]
[EventCountry "GER"]
[SourceTitle "Corr 2022"]
[Source "ChessBase"]
[SourceDate "2021.10.24"]
[SourceVersion "1"]
[SourceVersionDate "2021.10.24"]
[SourceQuality "1"]

1. d4 Nf6 2. c4 e6 3. a3 d5 4. Nc3 Be7 5. e3 0-0 6. Nf3 b6 7. cxd5 Nxd5 8. Bd2 Bb7 9. Bd3 Bf6 10. Qc2 h6 11. Nxd5 exd5 12. 0-0 c6 13. b4 Nd7 14. Rfe1 Re8 15. Rac1 Nf8 16. Bc3 Ne6 17. Red1 Ng5 18. Ne5 Bxe5 19. dxe5 Ne6 20. f4 Qh4 21. f5 Ng5 22. Rf1 Nh7 23. f6 Ng5 24. Rf4 Qh5 25. h4 Ne6 26. Be2 Nxf4 27. Bxh5 Nxh5 28. Qf2 gxf6 29. exf6 Re4 30. Qf3 Rxh4 31. Be1 Re4 32. Qxh5 Kf8 33. Qxh6+ Ke8 34. Qg7 Rd8 35. Bg3 1-0

[Event "OP-2018-0-04617"]
[Site "LSS email"]
[Date "2018.07.11"]
[Round "?"]
[White "Edwardson, Zachariah"]
[Black "Drobotov, Gennady Sergeevich"]
[Result "0-1"]
[WhiteElo "1331"]
[BlackElo "1539"]
[PlyCount "68"]
[EventDate "2018.07.02"]
[EventType "tourn (corr)"]
[EventRounds "4"]
[EventCountry "GER"]
[SourceTitle "Corr 2022"]
[Source "ChessBase"]
[SourceDate "2021.10.24"]
[SourceVersion "1"]
[SourceVersionDate "2021.10.24"]
[SourceQuality "1"]

1. d4 d5 2. Nf3 Nf6 3. Bf4 e6 4. e3 Bd6 5. Ne5 0-0 6. Bd3 c5 7. c3 Qc7 8. Nd2 Nc6 9. Ndf3 cxd4 10. cxd4 Ne4 11. 0-0 f6 12. Nxc6 Bxf4 13. Nce5 fxe5 14. exf4 exd4 15. g3 Bd7 16. a4 Qb6 17. Qb1 Nf6 18. b4 Rac8 19. a5 Qd6 20. Qb2 Rc3 21. Rfd1 Rc7 22. Re1 Rc3 23. Rad1 Re8 24. Nxd4 Rc7 25. Re5 b6 26. a6 Ba4 27. Rde1 Bd7 28. Bb5 Ng4 29. Bxd7 Qxd7 30. Rxe6 Rxe6 31. Nxe6 Rc8 32. b5 Re8 33. f5 Nh6 34. g4 Nxg4 0-1

[Event "OP-2018-0-04602"]
[Site "LSS email"]
[Date "2018.06.16"]
[Round "?"]
[White "Misericordia, Antonio"]
[Black "Drobotov, Gennady Sergeevich"]
[Result "1-0"]
[WhiteElo "2371"]
[BlackElo "1497"]
[PlyCount "57"]
[EventDate "2018.06.09"]
[EventType "tourn (corr)"]
[EventRounds "4"]
[EventCountry "GER"]
[SourceTitle "Corr 2022"]
[Source "ChessBase"]
[SourceDate "2021.10.24"]
[SourceVersion "1"]
[SourceVersionDate "2021.10.24"]
[SourceQuality "1"]

1. d4 d5 2. c4 e6 3. Nc3 Nf6 4. Bg5 Be7 5. e3 h6 6. Bxf6 Bxf6 7. Nf3 0-0 8. Rc1 c6 9. Be2 a6 10. 0-0 Nd7 11. Qc2 b5 12. b3 Bb7 13. Rfd1 Rc8 14. c5 Qc7 15. e4 dxe4 16. Nxe4 Be7 17. Re1 Rcd8 18. Rcd1 a5 19. a4 Rb8 20. Ra1 Nf6 21. Nc3 b4 22. Ne4 Qf4 23. Bc4 Qc7 24. Ne5 Rbc8 25. Nxf6+ Bxf6 26. Nxf7 Rxf7 27. Rxe6 Bxd4 28. Rd1 Bxf2+ 29. Kh1 1-0

[Event "ZI-2018-0-02450"]
[Site "LSS email"]
[Date "2018.06.09"]
[Round "?"]
[White "Peraza Balleste, Orlando"]
[Black "Drobotov, Gennady Sergeevich"]
[Result "1/2-1/2"]
[WhiteElo "1835"]
[BlackElo "1493"]
[PlyCount "90"]
[EventDate "2018.05.30"]
[EventType "match (corr)"]
[EventRounds "2"]
[EventCountry "GER"]
[SourceTitle "Corr 2022"]
[Source "ChessBase"]
[SourceDate "2021.10.24"]
[SourceVersion "1"]
[SourceVersionDate "2021.10.24"]
[SourceQuality "1"]

1. e4 e5 2. Nc3 Nf6 3. Nf3 Nc6 4. a3 d5 5. exd5 Nxd5 6. Bb5 Nxc3 7. bxc3 Bd6 8. d4 exd4 9. cxd4 0-0 10. 0-0 Bg4 11. Be3 h6 12. h3 Bh5 13. Bd3 Qf6 14. Re1 Rfe8 15. g4 Bg6 16. Kg2 Bxd3 17. Qxd3 Ne7 18. c4 c6 19. Bd2 Ng6 20. Re4 Bf4 21. Rae1 Rxe4 22. Rxe4 Rd8 23. Be3 b6 24. Qe2 Rf8 25. Qd3 Rb8 26. a4 Rf8 27. Kf1 Qd6 28. h4 Qf6 29. h5 Bd6 30. Ne1 Ne7 31. Kg2 c5 32. Nf3 Nc6 33. d5 Nb4 34. Qb1 a6 35. Bd2 b5 36. cxb5 axb5 37. g5 hxg5 38. Bxb4 cxb4 39. axb5 Rd8 40. Rc4 Bf8 41. Qd3 Qd6 42. Rd4 Qh6 43. Nd2 Qxh5 44. d6 Rxd6 45. Rxd6 Qg4+ 1/2-1/2

[Event "SD-2018-0-00289"]
[Site "LSS email"]
[Date "2018.06.05"]
[Round "?"]
[White "Owens, Johnny"]
[Black "Drobotov, Gennady Sergeevich"]
[Result "1-0"]
[WhiteElo "1416"]
[BlackElo "1462"]
[PlyCount "109"]
[EventDate "2018.02.12"]
[EventType "tourn (corr)"]
[EventRounds "6"]
[EventCountry "GER"]
[SourceTitle "Corr 2022"]
[Source "ChessBase"]
[SourceDate "2021.10.24"]
[SourceVersion "1"]
[SourceVersionDate "2021.10.24"]
[SourceQuality "1"]

1. Nf3 d5 2. b3 Nc6 3. Bb2 a6 4. e3 Bf5 5. Be2 Nf6 6. d3 e6 7. 0-0 h6 8. a3 Bd6 9. c4 0-0 10. Qc2 dxc4 11. Qxc4 Qe7 12. h3 e5 13. Nbd2 Rfe8 14. Qc2 Bg6 15. b4 Rad8 16. Rac1 Qe6 17. e4 Nh5 18. Rfd1 Nf4 19. Re1 Rd7 20. Bf1 Be7 21. Kh2 Bxb4 22. axb4 Nxb4 23. Qc3 Nfxd3 24. Rb1 Nxe1 25. Rxe1 Nc6 26. Nb3 Rdd8 27. Nc5 Qf6 28. Nxb7 Rb8 29. Nc5 Nd4 30. Re3 Red8 31. Nd3 Rb3 32. Qxc7 Nxf3+ 33. Rxf3 Qd6 34. Qc4 Rb5 35. Re3 Qb8 36. Ba1 Rc8 37. Qa2 Qc7 38. Re1 Ra5 39. Qd2 f6 40. Nb4 Ra4 41. f3 Bf7 42. Nd5 Bxd5 43. exd5 Qc2 44. Qe3 Qc5 45. Qb3 Ra3 46. Qb1 Qxd5 47. Rd1 Qe6 48. Qe4 Kf8 49. Qh7 Ra2 50. Rb1 Qf7 51. Bc3 Qc7 52. Be1 e4+ 53. Bg3 Qd7 54. Rb6 Kf7 55. Be5 1-0

[Event "OP-2018-0-04594"]
[Site "LSS email"]
[Date "2018.06.02"]
[Round "?"]
[White "Drobotov, Gennady Sergeevich"]
[Black "Abascal, Rodrigo"]
[Result "1-0"]
[WhiteElo "1501"]
[BlackElo "1476"]
[PlyCount "97"]
[EventDate "2018.05.21"]
[EventType "tourn (corr)"]
[EventRounds "4"]
[EventCountry "GER"]
[SourceTitle "Corr 2022"]
[Source "ChessBase"]
[SourceDate "2021.10.24"]
[SourceVersion "1"]
[SourceVersionDate "2021.10.24"]
[SourceQuality "1"]

1. e4 c5 2. c3 Nc6 3. d4 cxd4 4. cxd4 e6 5. Nf3 d5 6. exd5 exd5 7. Bd3 Bd6 8. 0-0 Nge7 9. Re1 Be6 10. Ng5 Qd7 11. Nc3 Bg4 12. f3 Be6 13. a3 Rd8 14. Nxe6 fxe6 15. Ne2 0-0 16. Be3 a6 17. Rc1 Qc7 18. h3 Nf5 19. Bf2 Qd7 20. Rc3 Bb8 21. Bc2 Qc7 22. f4 Qf7 23. Ba4 Na5 24. Qc1 Nc4 25. Bc2 Bd6 26. g4 Ne7 27. Bg3 Qf6 28. Kh2 g6 29. Rf3 Rc8 30. Kh1 b5 31. Kg2 Nc6 32. Bf2 Qf7 33. Rf1 Kh8 34. Kh1 Qf6 35. Kg2 Rf7 36. Re1 Rfc7 37. Bb1 Rf8 38. Bd3 N6a5 39. Bc2 Rfc8 40. Nc3 Re7 41. h4 Nc6 42. g5 Qg7 43. Ne2 Rf8 44. Rh1 Ref7 45. h5 gxh5 46. Rxh5 Nxd4 47. Bxd4 e5 48. fxe5 Rxf3 49. exd6 1-0

[Event "SE-2018-0-00277"]
[Site "LSS email"]
[Date "2018.06.02"]
[Round "?"]
[White "Obrien, Glenn"]
[Black "Drobotov, Gennady Sergeevich"]
[Result "0-1"]
[WhiteElo "1456"]
[BlackElo "1462"]
[PlyCount "132"]
[EventDate "2018.03.26"]
[EventType "tourn (corr)"]
[EventRounds "6"]
[EventCountry "GER"]
[SourceTitle "Corr 2022"]
[Source "ChessBase"]
[SourceDate "2021.10.24"]
[SourceVersion "1"]
[SourceVersionDate "2021.10.24"]
[SourceQuality "1"]

1. e4 e5 2. Nf3 Nf6 3. Nxe5 d6 4. Nf3 Nxe4 5. d4 d5 6. Bd3 Be7 7. 0-0 0-0 8. c4 Nf6 9. cxd5 Nxd5 10. Nc3 Nc6 11. Re1 Be6 12. a3 Qd7 13. Bb5 Bf6 14. Ne5 Bxe5 15. dxe5 a6 16. Bc4 Nb6 17. Qxd7 Nxd7 18. Bxe6 fxe6 19. f4 Nc5 20. g3 Nd3 21. Rd1 Rfd8 22. Ne4 Rd5 23. Nc3 Rd7 24. b3 Rad8 25. Be3 Ne7 26. Kf1 Nf5 27. Bf2 Nxf2 28. Kxf2 Rxd1 29. Rxd1 Rxd1 30. Nxd1 Nd4 31. Nc3 Nxb3 32. Ke3 Nc5 33. h3 Kf7 34. Nb1 g6 35. Nd2 h6 36. Kd4 b6 37. g4 Nd7 38. Ke4 b5 39. Nb3 c5 40. f5 gxf5+ 41. gxf5 h5 42. f6 c4 43. Nd4 c3 44. Nc2 Nb8 45. Kd4 Nc6+ 46. Ke4 h4 47. Ne1 a5 48. Nc2 b4 49. axb4 axb4 50. Na1 Kg6 51. Nb3 c2 52. Nc1 Kf7 53. Kd3 Nxe5+ 54. Kxc2 Nf3 55. Nd3 Ng1 56. Nf2 Kxf6 57. Kb3 Kf5 58. Kxb4 Kf4 59. Kc5 Kf3 60. Nd3 Nxh3 61. Ne5+ Kg3 62. Nc4 Nf4 63. Nd2 h3 64. Nf1+ Kg2 65. Ne3+ Kf3 66. Nf1 Nd5 0-1

[Event "OP-2018-0-04594"]
[Site "LSS email"]
[Date "2018.06.02"]
[Round "?"]
[White "Tarasov, Grigoriy"]
[Black "Drobotov, Gennady Sergeevich"]
[Result "1-0"]
[WhiteElo "2203"]
[BlackElo "1501"]
[PlyCount "89"]
[EventDate "2018.05.21"]
[EventType "tourn (corr)"]
[EventRounds "4"]
[EventCountry "GER"]
[SourceTitle "Corr 2022"]
[Source "ChessBase"]
[SourceDate "2021.10.24"]
[SourceVersion "1"]
[SourceVersionDate "2021.10.24"]
[SourceQuality "1"]

1. Nf3 d5 2. g3 Nc6 3. d4 Bf5 4. Bg2 e6 5. 0-0 Nf6 6. c4 Be7 7. Nc3 0-0 8. Ne5 a6 9. cxd5 exd5 10. Bf4 Rb8 11. Rc1 h6 12. a3 Re8 13. Na4 Na7 14. g4 Bh7 15. e3 Bd6 16. h4 Ne4 17. f3 Nf6 18. Nc5 c6 19. Bh2 Re7 20. f4 h5 21. g5 Ng4 22. Nxg4 hxg4 23. Qxg4 Rxe3 24. f5 Bxh2+ 25. Kxh2 Qd6+ 26. Rf4 Nb5 27. Rd1 a5 28. h5 b6 29. Na4 Kf8 30. Kg1 f6 31. g6 Bg8 32. Qh4 Ke8 33. Qf2 Qe7 34. Rf3 Rxf3 35. Bxf3 Kd7 36. Re1 Qf8 37. Be2 Nd6 38. Bd3 Kc7 39. Qf4 Kb7 40. Kf2 Nc4 41. Bxc4 dxc4 42. Qe4 Qc8 43. h6 gxh6 44. Qe7+ Qc7 45. Kf3 1-0

[Event "OP-2018-0-04594"]
[Site "LSS email"]
[Date "2018.06.02"]
[Round "?"]
[White "Tylecek, Drahomir"]
[Black "Drobotov, Gennady Sergeevich"]
[Result "1/2-1/2"]
[WhiteElo "2166"]
[BlackElo "1501"]
[PlyCount "54"]
[EventDate "2018.05.21"]
[EventType "tourn (corr)"]
[EventRounds "4"]
[EventCountry "GER"]
[SourceTitle "Corr 2022"]
[Source "ChessBase"]
[SourceDate "2021.10.24"]
[SourceVersion "1"]
[SourceVersionDate "2021.10.24"]
[SourceQuality "1"]

1. e4 e5 2. Nf3 Nf6 3. Nc3 Nc6 4. d4 exd4 5. Nxd4 Bb4 6. Nxc6 bxc6 7. Bd3 0-0 8. 0-0 d5 9. exd5 cxd5 10. Bg5 Bxc3 11. bxc3 h6 12. Bh4 Rb8 13. Qc1 Qd6 14. Re1 Rb7 15. Qe3 Bd7 16. h3 Re8 17. Qf3 Ne4 18. c4 c6 19. cxd5 cxd5 20. c4 f5 21. cxd5 Qxd5 22. Rad1 Qxa2 23. Rxe4 Rxe4 24. Bxe4 fxe4 25. Qxe4 Qa4 26. Qxb7 Qxd1+ 27. Kh2 Qd4 1/2-1/2

[Event "SD-2018-0-00289"]
[Site "LSS email"]
[Date "2018.05.31"]
[Round "?"]
[White "Drobotov, Gennady Sergeevich"]
[Black "Mueller, Bernd"]
[Result "0-1"]
[WhiteElo "1462"]
[BlackElo "1676"]
[PlyCount "47"]
[EventDate "2018.02.12"]
[EventType "tourn (corr)"]
[EventRounds "6"]
[EventCountry "GER"]
[SourceTitle "Corr 2022"]
[Source "ChessBase"]
[SourceDate "2021.10.24"]
[SourceVersion "1"]
[SourceVersionDate "2021.10.24"]
[SourceQuality "1"]

1. d4 d5 2. h3 c5 3. dxc5 Nf6 4. c3 e6 5. Be3 Qc7 6. b4 Bd7 7. Nf3 b6 8. cxb6 axb6 9. Qd4 Nc6 10. Qxb6 Qc8 11. Bf4 Ne4 12. a4 f6 13. a5 d4 14. Nxd4 Nxb4 15. Qc7 Qxc7 16. Bxc7 e5 17. e3 exd4 18. cxb4 Bxb4+ 19. Ke2 Rc8 20. Bb6 Rc1 21. Bxd4 Bc6 22. Rg1 Ke7 23. Na3 Nc3+ 24. Bxc3 0-1